000 00899nam a2200253 a 4500
001 47885
003 BD-RjUL
005 20211209054421.0
008 160810s1998 ii a|||| |||| 00| 0 ben d
020 _a8171020038
035 _a(BD-RjUL)48004
040 _aBD-RjUL
_bben
_cBD-RjUL
041 _aben
082 _a781.62
_bROL 1998
100 _aরায়, বুদ্ধদেব
_9145342
245 1 0 _aলোকসাঙ্গীতিকী /
_cবুদ্ধদেব রায়
250 _aপরিবর্দিত ২য় সং.
260 _aকলিকাতা :
_bফার্মা কেএলএম,
_c১৯৯৮
300 _a১৩৮ পৃ. :
_bচিত্র ;
_c২১ সেমি
504 _aগ্রন্থপঞ্জি সংযুক্ত
650 _aলোকসংগীত
_9120880
650 _aFolk Music
_9145343
942 _2ddc
_cBK
_01
999 _c47885
_d47885